000 00433nam a2200181Ia 4500
005 20250425160948.0
008 250425s9999 xx 000 0 und d
041 _aeng
082 _a621.38173
100 _aMORRIS, ROBERT L.
245 0 _aDESIGNING WITH TTL INTEGRATED CIRCUITS
250 _a1ST ED.
260 _aEstados Unidos
_bMCGRAW HILL
_c1971
260 _aNEW YORK
300 _a322
942 _c01
010 _a9363
999 _c199722
_d199722